00375nam a2200133Ia 4500008004100000020001500041041001200056082001600068100001800084245008100102260003400183300000800217650001600225221030s9999 xx 000 0 und d a8186340602 aEnglish a105.23bKro aD. M. Kroenke 0aDatabase Processing : Fundamentals, Design, Implementationcby D. M. Kroenke bGalgotia PubaNew Delhic1997 a607 aBE Computer